| 000 | 00847 a2200229 4500 | ||
|---|---|---|---|
| 001 | 63045 | ||
| 005 | 20260407155925.0 | ||
| 008 | 260407a1993 arg spa d | ||
| 003 | AR-UNSa-BCEJYS | ||
| 040 |
_aAR-UNSa-BCEJYS _bspa _cAR-UNSa-BCEJYS |
||
| 080 |
_a37.025 _xMétodos de desarrollo de la capacidad intelectual |
||
| 245 | 1 | 0 |
_a¿Si estudiamos mejor? _pPara aprender a aprender |
| 020 | _a978-950-534-199-3 | ||
| 264 | 1 |
_aBuenos Aires : _bA-Z Editora _c1993 |
|
| 300 |
_a132 p. _c24 cm. |
||
| 505 | _a1. De la compresión - 2. De cómo graficar lo comprendido - 3. Del uso del material de estudio - 4. De cómo expresar lo comprendido - 5. Notas de interés - 6. Correcciones - | ||
| 041 | _aspa | ||
| 942 | _cBK | ||
| 590 | _aniveau_biblio:m niveau_hierar:0 | ||
| 100 | 1 | _aPalacios, Ariana Nydia | |
| 700 | 1 | _aMenéndez, Irene Nora | |
| 999 |
_c7946 _d7946 |
||